01485cam a22003135a 45000010009000000050017000090080041000260200038000670200035001050400038001400820024001781000021002022450071002232500012002942600042003063000047003485000025003955040032004205050334004526500045007866500059008316500045008906510010009356530036009457000020009819420008010019990017010099520145010261679575020151203132403.0110523s2012 enko frb 001 0 eng d a9780813820538 (pbk. : alk. paper) a0813820537 (pbk. : alk. paper) aDNLM/DLCcDLCdDLCbengeEG-ScBUE04a636.089696222bZAJ1 aZajac, A.93882510aVeterinary clinical parasitology /cAnne M. Zajac, Gary A. Conboy. a8th ed. aChichester :bWiley-Blackwell,c2012. axi, 354 p. :bphotographs (col.) ;c25 cm. aIndex : p. 327-354.  aBibliography : p. 325-326. 0 aFecal examination for the diagnosis of parasitism -- Detection of protozoan and helminth parasites in the urinary, reproductive, and integumentary systems -- Detection of parasites in the blood -- Immunodiagnostic and molecular diagnostic tests in veterinary parasitology -- Diagnosis of arthropod parasites -- Parasites of fish. 0aVeterinary clinical parasitology.2BUEsh12aParasitic Diseases, AnimalvLaboratory Manuals.2BUEsh22aParasitologyvLaboratory Manuals.2BUEsh 2BUEsh bPPhrmcAugust2015cDecember20151 aConboy, Gary A. 2ddc c20722d20694 00102ddc40708BaccahaMAINbMAINc1STd2015-08-27epurchaseg609.00h23317l0o636.089696 ZAJp000030726r2025-07-15 00:00:00v761.00yBB